000 00611cam a2200205 a 4500
999 _c686
_d686
020 _a032300802X
050 0 0 _aRT41
_b.E15 ELK
100 1 _aElkin, Martha Keene.
245 1 0 _aNursing interventions & clinical skills /
_cMartha Keene Elkin, Anne Griffin Perry, Patricia A. Potter.
250 _a2nd ed.
260 _aSt. Louis :
_bMosby,
_cc2000.
300 _axx, 998 p. :
_bcol. ill. ;
_c28 cm.
650 0 _aNursing.
650 0 _aClinical competence.
650 1 2 _aNursing Process.
650 2 2 _aNursing Care
_xmethods.
700 1 _aPerry, Anne Griffin.
700 1 _aPotter, Patricia Ann.
942 _cBK